Online
Catalog

De la costilla de Eva / (Record no. 18357)

MARC details
000 -CABECERA
campo de control de longitud fija 00630nam a2200193 a 4500
001 - NÚMERO DE CONTROL
campo de control 000018837
005 - FECHA Y HORA DE LA ÚLTIMA TRANSACCIÓN
campo de control 20200929165850.0
008 - DATOS DE LONGITUD FIJA--INFORMACIÓN GENERAL
campo de control de longitud fija 100519s1987 nq a r 001 p spa d
040 ## - FUENTE DE LA CATALOGACIÓN
Centro catalogador/agencia de origen DO-SdBNP
Lengua de catalogación spa
Centro/agencia transcriptor BNPHU
082 ## - NÚMERO DE LA CLASIFICACIÓN DECIMAL DEWEY
Número de clasificación N861.44
Número de documento/Ítem B443d
100 1# - ENTRADA PRINCIPAL--NOMBRE DE PERSONA
Nombre de persona Belli, Gioconda,
Fechas asociadas al nombre 1948-
9 (RLIN) 40593
245 10 - MENCIÓN DE TÍTULO
Título De la costilla de Eva /
Mención de responsabilidad, etc. Gioconda Belli ; edición Elízabeth Fonseca.
260 ## - PUBLICACIÓN, DISTRIBUCIÓN, ETC.
Lugar de publicación, distribución, etc. Managua :
Nombre del editor, distribuidor, etc. Nueva Nicaragua,
Fecha de publicación, distribución, etc. 1987.
300 ## - DESCRIPCIÓN FÍSICA
Extensión 142 p. :
Otras características físicas il., ;
Dimensiones 20 cm.
490 1# - MENCIÓN DE SERIE
Mención de serie Letras de Nicaragua
Designación de volumen o secuencia 24
650 #4 - PUNTO DE ACCESO ADICIONAL DE MATERIA--TÉRMINO DE MATERIA
Término de materia o nombre geográfico como elemento de entrada Poesía nicaraguense
9 (RLIN) 8179
650 #4 - PUNTO DE ACCESO ADICIONAL DE MATERIA--TÉRMINO DE MATERIA
Término de materia o nombre geográfico como elemento de entrada Literatura nicaraguense
9 (RLIN) 8180
700 1# - PUNTO DE ACCESO ADICIONAL--NOMBRE DE PERSONA
Nombre de persona Fonseca, Elízabeth
Término indicativo de función/relación ed.
9 (RLIN) 14715
Holdings
Estado de retiro Estado de pérdida Restricciones de uso No para préstamo Código de colección Localización permanente Ubicación/localización actual Ubicación en estantería Fecha de adquisición Número de inventario Total de préstamos Signatura topográfica completa Código de barras Fecha visto por última vez Precio válido a partir de Tipo de ítem Koha Número de copia
      Excluido de préstamo Monografías: Libros y Folletos General General Depósito 19.05.2010 LF1   N861.44 B443d 18837-10 25.06.2020 25.06.2020 No se presta  
  Extraviado   Excluido de préstamo Monografías: Libros y Folletos Patrimonio Dominicano Patrimonio Dominicano Extraviado 04.04.2017 LF1   N861.44 B443d 18837-20 25.06.2020 25.06.2020 No se presta e. 2

Powered by Koha